| 000 | 01163nam a2200241 a 4500 | ||
|---|---|---|---|
| 999 |
_c4823 _d4823 |
||
| 001 | 4823 | ||
| 003 | BD-JhCC | ||
| 005 | 20171227165352.0 | ||
| 008 | 171203s1968 bg |||| ||a| 000 0 ben d | ||
| 035 | _a(BD-JhCC)4823 | ||
| 040 |
_aBD-JhCC _dBD-JhCC |
||
| 041 | _aben | ||
| 082 |
_a491.44321 _bPUR 1968 |
||
| 245 |
_aপূর্ব পাকিস্তানী আঞ্চলিক ভাষার অভিধান / _cমুহম্মদ শহীদুল্লাহ্ (সম্পাদনা) |
||
| 260 |
_aঢাকা : _bবাংলা একাডেমী, _c1968. |
||
| 300 |
_a590 p. : _c28 cm. |
||
| 505 | _aকপি-১ : ব্যঞ্জন বর্ণ অংশ (খ) ত থেকে অবশিষ্ট বর্ণ, কপি-২ : ব্যঞ্জন বর্ণ অংশ (ক) ক, চ ও ট বর্গ, কপি-৩ ও ৪ : স্বরবর্ণ অংশ প্রসঙ্গকথা ও ভূমিকা সহ। | ||
| 650 | _aBengali Dictionaries | ||
| 650 | _aBengali Language | ||
| 700 | _aশহীদুল্লাহ্ , মুহম্মদ | ||
| 942 |
_2ddc _cREF |
||